000 00593nam a2200229Ia 4500
003 OSt
005 20221007071331.0
006 a|||||r|||| 00| 0
007 ta
008 221006b |||||||| |||| 00| 0 eng d
024 _a21,281
037 _cTextual
040 _aFLL
_cFLL
_beng
041 _2eng
_aeng
082 _aZ3,9298, L0
100 _aGarner J.F. Au.
_9688538
245 0 _aAdministrative law
260 _aLondon
_bButterworths England
_c1970
300 _a473p
_ccm.
942 _hZ3,9298, L0
_cTEXL
_2CC
999 _c1143081
_d1143081